00350pab a2200133 454500008004000000100002000040245006300060260000900123300001500132362000800147650001800155650001900173773002400192180718b2012 xxu||||| |||| 00| 0 eng d aBudania, Rajpal aGlobalization and the emergence of human security paradigm c2012 ap.127-138. aJun aGlobalization aState security aMan and Development